LEADER 00886cam--2200325---450 001 990001168970203316 005 20201209124447.0 035 $a000116897 035 $aUSA01000116897 035 $a(ALEPH)000116897USA01 035 $a000116897 100 $a20030901d2000----km-y0itay0103----ba 101 0 $aita 102 $aIT 105 $a||||||||001yy 200 1 $aCilento$fEmilio La Greca 210 1 $aSalerno$cCentro di promozione culturale per il Cilento$d2000 215 $a63 p.$d21 cm 225 2 $aTascabili narrativa 410 0$12001$aTascabili narrativa 600 1$aLa Greca,$bEmilio$2BNCF 676 $a390.094574 700 1$aLA GRECA,$bEmilio$0549376 801 0$aIT$bsalbc$gISBD 912 $a990001168970203316 951 $aXVII A.MISC. 563$bDLAS$cXVII A.MISC.$d00154798 959 $aBK 969 $aCAS 996 $aCilento$9983787 997 $aUNISA LEADER 02320nam 2200565 a 450 001 9910462761203321 005 20200520144314.0 010 $a0-8389-9631-0 035 $a(CKB)2670000000390273 035 $a(EBL)1224555 035 $a(OCoLC)872671629 035 $a(SSID)ssj0000918334 035 $a(PQKBManifestationID)11588594 035 $a(PQKBTitleCode)TC0000918334 035 $a(PQKBWorkID)10908120 035 $a(PQKB)10560749 035 $a(OCoLC)852149494 035 $a(MiAaPQ)EBC1224555 035 $a(Au-PeEL)EBL1224555 035 $a(CaPaEBR)ebr10751710 035 $a(EXLCZ)992670000000390273 100 $a20130911d2013 uy 0 101 0 $aeng 135 $aurcn||||||||| 181 $ctxt 182 $cc 183 $acr 200 14$aThe librarian's nitty-gritty guide to social media$b[electronic resource]$fLaura Solomon 205 $a4th ed. 210 $aChicago, Ill. $cALA Editions$dc2013 215 $a1 online resource (226 p.) 300 $aDescription based upon print version of record. 311 $a0-8389-1160-9 320 $aIncludes bibliographical references and index. 327 $aContents; Introduction; Chapter 1: Getting a (Better) Grip on Social Media; Chapter 2: Getting Started; Chapter 3: Understanding Social Capital; Chapter 4: Strategies for Social Media Success; Chapter 5: Rethinking Status Updates; Chapter 6: Fine-Tuning Facebook; Chapter 7: Teens and Social Media; Chapter 8: Online Reputation Management; Chapter 9: What Can We Count?; Chapter 10: Social Media in the Long Term; Chapter 11: A Few Final Words; Bibliography; Index 330 $aSolomon, a librarian with extensive experience in web development, design, and technology, cuts to the chase with this invaluable guide to using social media in any kind of library. 606 $aOnline social networks$xLibrary applications 606 $aSocial media 608 $aElectronic books. 615 0$aOnline social networks$xLibrary applications. 615 0$aSocial media. 676 $a006.7/54 700 $aSolomon$b Laura$f1967-$0937127 801 0$bMiAaPQ 801 1$bMiAaPQ 801 2$bMiAaPQ 906 $aBOOK 912 $a9910462761203321 996 $aThe librarian's nitty-gritty guide to social media$92110719 997 $aUNINA LEADER 04799nam 22007094a 450 001 9910960352303321 005 20200520144314.0 010 $a9786611924744 010 $a9781281924742 010 $a1281924741 010 $a9789812773425 010 $a9812773428 035 $a(CKB)1000000000414605 035 $a(EBL)1681343 035 $a(OCoLC)879025148 035 $a(SSID)ssj0000151609 035 $a(PQKBManifestationID)11146916 035 $a(PQKBTitleCode)TC0000151609 035 $a(PQKBWorkID)10320581 035 $a(PQKB)11565879 035 $a(MiAaPQ)EBC1681343 035 $a(WSP)00006128 035 $a(Au-PeEL)EBL1681343 035 $a(CaPaEBR)ebr10201205 035 $a(CaONFJC)MIL192474 035 $a(Perlego)848311 035 $a(FR-PaCSA)10208878 035 $a(FRCYB10208878)10208878 035 $a(EXLCZ)991000000000414605 100 $a20060417d2006 uy 0 101 0 $aeng 135 $aur|n|---||||| 181 $ctxt$2rdacontent 182 $cc$2rdamedia 183 $acr$2rdacarrier 200 04$aThe evolving maritime balance of power in the Asia-Pacific $emaritime doctrines and nuclear weapons at sea /$feditors, Lawrence W. Prabhakar, Joshua H. Ho, Sam Bateman 210 $aHackensack, NJ $cWorld Scientific ;$aSingapore $cInstitute of Defence and Strategic Studies$dc2006 215 $a1 online resource (xx, 297 pages) 300 $aDescription based upon print version of record. 311 0 $a9789812568281 311 0 $a981256828X 320 $aIncludes bibliographical references and index. 327 $aContents; Acknowledgments ; Foreword; Biographies of Contributors; I. Introduction ; 1. Cooperation or Competition in Maritime Asia-Pacific?; II. Issues Trends and Paradigms in Maritime Asia-Pacific ; 2. Sea Power in the Asia-Pacific Region; 3. Maritime Strategic Trends in the Asia-Pacific: Issues and Challenges ; III. National Maritime Doctrines and Capabilities ; 4. China's Naval Strategy and Transformation ; 5. Indian Navy: Keeping Pace with Emerging Challenges ; 6. Japan's National Maritime Doctrines and Capabilities 327 $a7. Security in the Pacific Rim: Evolving US Strategies Doctrines and Forces for Maritime Cooperation and Regional Collective Action ; IV. Nuclear Weapons and Missile Defences: The Maritime Dimension in the Asia-Pacific 327 $a8. China's Nuclear Doctrine Its Strategic Naval Power and Anti-Missile Defence Initiatives 9. Nuclear Weapons and Missile Defences: The Maritime Dimension in the Asia-Pacific; 10. Transforming Old Idealism into New Realism: A New Dimension in Japan's Strategy for Non-Proliferation and Counter-Proliferation and its Implications for Security Cooperation in the Asia-Pacific 11. Nuclear Weapons and Missile Defenses in the Asia-Pacific: A Maritme Perspective; V. Conclusion 330 $aThe Asia-Pacific region has emerged as the hub of global geo-political, geo-economic and geo-strategic significance in the post-Cold War period. The rise of China and the resurgence of India will be the hallmark for the next 50 years. How this surge in power is accommodated by the incumbent powers like the United States and Japan, and how the new regional powers like China and India manage the power politics that emerge will be the key determinants of regional stability. This volume examines the national maritime doctrines as well as the nuclear weapons developments at sea of the four major powers in the Asia-Pacific, namely, China, India, Japan and the United States, to see if the evolving dynamic is a cooperative or a competitive one. In particular, the volume looks at the evolving paradigms of maritime transformation in strategy and technology; the emergent new maritime doctrines and evolving force postures in the naval orders of battle; the role and operations of nuclear navies in the Asia-Pacific; and the implications and impact of nuclear weapons, ballistic missiles and sea-based missile defence responses in the region. 606 $aSea-power$zPacific Area 606 $aNuclear weapons$zPacific Area 607 $aPacific Area$xStrategic aspects 615 0$aSea-power 615 0$aNuclear weapons 676 $a359/.0309164 701 $aPrabhakar$b Lawrence W$01795988 701 $aHo$b Joshua$01795989 701 $aBateman$b W. S. G$g(Walter Samuel Grono)$0320735 801 0$bMiAaPQ 801 1$bMiAaPQ 801 2$bMiAaPQ 906 $aBOOK 912 $a9910960352303321 996 $aThe evolving maritime balance of power in the Asia-Pacific$94337529 997 $aUNINA